Everything about Shane Dawson Quiz Stats

 Plays Quiz not verified by Sporcle

Challenge
Share
Tweet
Embed
Score 0/26 Timer 13:00
0 Plays Today
Hint Answer % Correct
What state does he live in?California
76.5%
Ask Shane on what day?Monday
70.8%
His most famous female character?Shananay
70.5%
His female dog's name?Miley
67.3%
His nerd character?Ned
66.3%
His main videos come out on what day of the week?Saturday
65.5%
His male dog's name?Charlie
59.5%
What was his real last name?Yaw
59.1%
His aunt character's name?Hilda
58.9%
His grandmother died in what month?May
57.9%
What store can you buuy his T shirts?Hot Topic
56.7%
His gangster character?SDeezy
56.5%
What's his brother's name?Jared
52.6%
Hint Answer % Correct
Shane used to work for what company?Jenny Craig
52.5%
His two cat's names?Muffins and Snoop
39.9%
His mom character has a what kind animal on her robe?Cat
39%
What type of hat has he said he sometimes sleeps in?Beanie
37.8%
His Bad Romance spoof was called?Bad Bromance
31.5%
He has done two spoofs of what popular t.v. show?Degrassi
31.2%
A friend in his videos?Britney
30.1%
His cousin's name who infrequently appears in his videos?Alicia
24.4%
His sarah palin spoof song was called?Don't trust me
22.3%
A friend in his videos?Kate
16.5%
His Telephone (by lady gaga) song spoof was called?Telephone Dude's version
15.6%
What type of hair product does he reccomend using?Ghetto
12.7%
His Bad Romance spoof featured two other Youtubers who where:Britney and Joe
10%

You're not logged in!

Compare scores with friends on all Sporcle quizzes.
Join for Free
OR
Log In

You Might Also Like...

Show Comments

Extras

Created Aug 30, 2010ReportNominate

Top Quizzes Today


Score Distribution

Your Account Isn't Verified!

In order to create a playlist on Sporcle, you need to verify the email address you used during registration. Go to your Sporcle Settings to finish the process.

Report this User

Report this user for behavior that violates our Community Guidelines.

Details: